书目信息 |
| 题名: |
建筑装饰材料速查手册
|
|
| 作者: | 曾正明 主编 | |
| 分册: | ||
| 出版信息: | 北京 机械工业出版社 2009.01 |
|
| 页数: | 18,949页 | |
| 开本: | 14cm | |
| 丛书名: | ||
| 单 册: | ||
| 中图分类: | TU56-62 | |
| 科图分类: | ||
| 主题词: | 建筑装饰 , 建筑装饰--装饰材料--手册 , 装饰材料 | |
| 电子资源: | ||
| ISBN: | 978-7-111-25266-5 | |
| 000 | 00952nam0 2200289 450 | |
| 001 | 004020841 | |
| 005 | 20090112135935.0 | |
| 010 | @a978-7-111-25266-5@b精装@dCNY38.00 | |
| 090 | @aTU56@bzzm | |
| 096 | @aTU56@bzzm | |
| 100 | @a20081218d2009 em y0chiy50 ea | |
| 101 | 0 | @achi |
| 102 | @aCN@b110000 | |
| 105 | @ay z 000yy | |
| 200 | 1 | @a建筑装饰材料速查手册@9jian zhu zhuang shi cai liao su cha shou ce@b专著@f曾正明主编 |
| 210 | @a北京@c机械工业出版社@d2009.01 | |
| 215 | @a18,949页@d14cm | |
| 330 | @a本书共分12章,内容包括建筑装饰材料的基本知识、建筑装饰石材、陶瓷装饰材料、木质装饰材料、塑料装饰材料、金属装饰材料、建筑装饰玻璃、装饰壁纸、墙布等。 | |
| 606 | 0 | @a建筑装饰 |
| 606 | 0 | @a建筑装饰@x装饰材料@j手册 |
| 606 | 0 | @a装饰材料 |
| 690 | @aTU56-62@v5 | |
| 701 | 0 | @a曾正明@c(金属材料)@9zeng zheng ming@4主编 |
| 801 | 0 | @aCN@b110017@c20081208 |
| 905 | @aBZT@dTU56-62@e2 | |
| 906 | @dCNY38.00@n0@r1 | |
| SYS | @004020841 | |
| 建筑装饰材料速查手册/曾正明主编.-北京:机械工业出版社,2009.01 |
| 18,949页;14cm |
| ISBN 978-7-111-25266-5(精装):CNY38.00 |
| 本书共分12章,内容包括建筑装饰材料的基本知识、建筑装饰石材、陶瓷装饰材料、木质装饰材料、塑料装饰材料、金属装饰材料、建筑装饰玻璃、装饰壁纸、墙布等。 |
| ● |
| 相关链接 |
|
|
|
正题名:建筑装饰材料速查手册
索取号:TU56-62/2
 
预约/预借
| 序号 | 登录号 | 条形码 | 馆藏地/架位号 | 状态 | 备注 |
| 1 | 759929 | 2000759929 | 样本书库/样007架B面4层3列/ [索取号:TU56-62/2] | 在馆 | |
| 2 | 759930 | 2000759930 | 中心书库中库/ 中库022架B面3列4层46/ [索取号:TU56-62/2] | 在馆 | |
| 3 | 759931 | 2000759931 | 中心书库中库/ 中库022架B面3列4层47/ [索取号:TU56-62/2] | 在馆 | |
| 4 | 759932 | 2000759932 | 中心书库中库/ 中库022架B面3列6层6/ [索取号:TU56-62/2] | 在馆 | |
| 5 | 759933 | 2000759933 | 中心书库中库/ 中库022架B面3列6层7/ [索取号:TU56-62/2] | 在馆 | |
| 6 | 759934 | 2000759934 | 中心书库中库/ 中库022架B面3列6层8/ [索取号:TU56-62/2] | 在馆 |